000 02279nam a2200493 c 4500
003 BLK
005 20250620112439.0
008 180409b bul|||||r ||||||| ||bul||
010 _aKNG00136379000
020 _a978-954-398-263-9
_bиздат.: Труд
040 _aBLK
041 _aBUL
_cBUL
072 7 _2bullib
_aН32
_xПолитика Н
080 _aМеждународни политически отношения. Световна политика. Международна политика. Дипломация
_b327
_x(510)
_z327(510)
080 _aМеждународни политически отношения. Световна политика. Международна политика. Дипломация
_b327
_x(73:510)
_z327(73:510)
080 _aИстория на Китай. Вж и 931.5 ; 935
_b94(510)
_x
_z94(510)
100 1 _aКисинджър, Хенри Алфред
_eпърви автор
_979299
700 1 _aТотева, Жана Василева
_eпрев.
_9370345
139 _aКисинджър, Хенри Алфред
_bК 60
245 1 0 _aЗа Китай
_cХенри Алфред Кисинджър; прев. Жана Василева Тотева.
257 _aUSA
260 София
_bТруд
_c2012
_fСофия : Д. Благоев
300 _a528 с.
_bс ил.
_c23 см
380 _a3
490 1 _aПоредица Нобелисти
500 _aОриг. загл. On China / Henry Kissinger. - Указател на имена и термини.
650 0 _aКитай - външна политика
_9277873
650 4 _aСАЩ - външна политика
_9246834
650 0 _aМеждународни отношения
_9245477
651 4 _aКитай
_9242505
651 4 _aСАЩ
_9179493
653 _aмеждународни политически отношения
653 _aвъншна политика
653 _aдипломация
653 _aСАЩ
653 _aКитай
659 _aН
852 _aЦб 256890
856 4 _qpdf
_u
856 4 _qpdf
_u
942 _cKNG
_n0
_05
944 _aCR
_c16.02.2011
_lЦветомила Тодорова
_k30576
944 _aED
_c12.03.2016
_lф /
_kЛюдмила_Стоянова
999 _c130611
_d130611